Science Quiz

Random Science or Animal Quiz

► Osteology Museum: Animal Skulls II Quiz Stats

 Plays Quiz not verified by Sporcle

Score 0/27 Timer 06:00
0 Plays Today
% Correct
Human
91.3%
Toco Toucan
89.2%
Piranha
85.2%
Giraffe
78.7%
Canadian Lynx
76.9%
Horned Puffin
75.3%
Bushbaby
74.2%
Black Rhinoceros
73.8%
King Vulture
73%
Black
Wildebeest
72.3%
Komodo Dragon
72.1%
Giant Salamander
69.8%
Caribbean Flamingo
68.2%
Bottle-nosed Dolphin
68%
% Correct
Green Sea Turtle
68%
Asiatic Black Bear
66.4%
Hippopotamus
65.3%
Mandrill
65.3%
Minke Whale
64.8%
Tamandua
64.6%
Three-toed Sloth
63.3%
European Rabbit
63%
Red Kangaroo
61.9%
Domestic
Goat
57.7%
Parson's
Chameleon
56%
King Penguin
53.8%
Large Hairy Armadillo
38.8%

You're not logged in!

Compare scores with friends on all Sporcle quizzes.
Join for Free
OR
Log In

You Might Also Like...

Show Comments

Extras

Top Quizzes Today


Score Distribution

Your Account Isn't Verified!

In order to create a playlist on Sporcle, you need to verify the email address you used during registration. Go to your Sporcle Settings to finish the process.

Report this User

Report this user for behavior that violates our Community Guidelines.

Details: